Fr. Conceicao Rodrigues College of Engineering

Taming the Big Data Tidal wave:Finding oppurtunities in Huge Data streams with Advanced analytics (Record no. 23795)

MARC details
000 -LEADER
fixed length control field 00416nam a2200169Ia 4500
082 ## - DEWEY DECIMAL CLASSIFICATION NUMBER
Classification number 5.73
Item number FRA
100 ## - MAIN ENTRY--PERSONAL NAME
Personal name Franks/Bill
245 ## - TITLE STATEMENT
Title Taming the Big Data Tidal wave:Finding oppurtunities in Huge Data streams with Advanced analytics
260 ## - PUBLICATION, DISTRIBUTION, ETC.
Name of publisher, distributor, etc. Wiley
Date of publication, distribution, etc. 2012
366 ## - TRADE AVAILABILITY INFORMATION
Publishers's discount category 20
300 ## - PHYSICAL DESCRIPTION
Extent 304
546 ## - LANGUAGE NOTE
Language note ENGLISH
-- Computers
650 ## - SUBJECT ADDED ENTRY--TOPICAL TERM
Topical term or geographic name entry element Analytics
654 ## - SUBJECT ADDED ENTRY--FACETED TOPICAL TERMS
Focus term tidal wave
942 ## - ADDED ENTRY ELEMENTS (KOHA)
Koha item type BOOK
Holdings
Withdrawn status Lost status Damaged status Not for loan Collection Home library Current library Date acquired Source of acquisition Cost, normal purchase price Total Checkouts Full call number Barcode Date last seen Cost, replacement price Price effective from Koha item type
        CRC Fr. Agnel's C.Rodrigues College of Engineering Fr. Agnel's C.Rodrigues College of Engineering 17/03/2023 Shroff Publishers 799.20   5.73 FRA 24627 17/03/2023 999.00   BOOK